header

Introduction to Biostatistics and Research Methods (Record no. 251665)

MARC details
000 -LEADER
fixed length control field 00496nam a22001697a 4500
003 - CONTROL NUMBER IDENTIFIER
control field OSt
005 - DATE AND TIME OF LATEST TRANSACTION
control field 20240820094036.0
008 - FIXED-LENGTH DATA ELEMENTS--GENERAL INFORMATION
fixed length control field 151201b xxu||||| |||| 00| 0 eng d
020 ## - INTERNATIONAL STANDARD BOOK NUMBER
International Standard Book Number 9788120328761
040 ## - CATALOGING SOURCE
Transcribing agency RU
050 ## - LIBRARY OF CONGRESS CALL NUMBER
Classification number QH 325.5
Item number .R36 2006
100 ## - MAIN ENTRY--PERSONAL NAME
Personal name P.S.S. Sundar Rao J. Richard
245 ## - TITLE STATEMENT
Title Introduction to Biostatistics and Research Methods
Statement of responsibility, etc P.S.S. Sundar Rao, J.Richard
250 ## - EDITION STATEMENT
Edition statement 4th ed
260 ## - PUBLICATION, DISTRIBUTION, ETC. (IMPRINT)
Place of publication, distribution, etc New Delhi, India
Name of publisher, distributor, etc PHI Learning Private Ltd.
Date of publication, distribution, etc 2006
942 ## - ADDED ENTRY ELEMENTS (KOHA)
Source of classification or shelving scheme Library of Congress Classification
Koha item type Long Loan Books
Holdings
Withdrawn status Lost status Source of classification or shelving scheme Damaged status Not for loan Collection code Home library Current library Shelving location Date acquired Total Checkouts Total Renewals Full call number Barcode Date last seen Date checked out Price effective from Koha item type
    Library of Congress Classification     Non-fiction Rongo University Library Rongo University Library General Stacks 26/01/2018 3 1 QH 325.5 .R36 2006 20091720 18/01/2019 12/10/2018 26/01/2018 Long Loan Books

© 2026 Rongo University
Contact us: librarian | system librarian | Rongo university